| 000 | 00752nam a22002415a 4500 | ||
|---|---|---|---|
| 008 | 161225b2016 nyua|||fr|||| 001 0 eng d | ||
| 020 | _a1681174197 | ||
| 020 | _a9781681174198 | ||
| 040 |
_aEG-ScBUE _beng _cEG-ScBUE |
||
| 082 | 0 | 4 |
_222 _a665.73 _bNAT |
| 245 | 0 | 0 |
_aNatural gas processing / _cEditor, Sanjay Khanwelkar. |
| 260 |
_aValley Cottage, New York : _bScitus Academics, _c2016. |
||
| 300 |
_a255 p. : _bill. ; _c18 cm. |
||
| 500 | _aIndex : p. 253-255. | ||
| 504 | _aCitations : p. 249-251. | ||
| 504 | _aIncludes bibliographical references. | ||
| 590 | _aWessam | ||
| 650 | 7 |
_2BUEsh _92670 _a Natural gas. |
|
| 651 | _2BUEsh | ||
| 653 |
_bENGPET _cDecember2016 |
||
| 700 | 1 |
_941764 _aKhanwelkar, Sanjay. |
|
| 942 |
_2ddc _e22 _k665.73 NAT |
||
| 999 |
_c23738 _d23710 |
||